الموسوعة الجغرافية و الفلكية للناشئة / (رقم التسجيلة. 102100)
[ عرض عادي ]
| 000 -LEADER | |
|---|---|
| fixed length control field | 00717nam a22002297a 4500 |
| 005 - DATE AND TIME OF LATEST TRANSACTION | |
| control field | 20251108173347.0 |
| 008 - FIXED-LENGTH DATA ELEMENTS--GENERAL INFORMATION | |
| fixed length control field | 250721s9999 xx 000 0 ara d |
| 082 14 - DEWEY DECIMAL CLASSIFICATION NUMBER | |
| Classification number | م/ط/503 |
| 100 1# - MAIN ENTRY--PERSONAL NAME | |
| Personal name | سلق، أحمد |
| Relator term | Cart. |
| 245 10 - TITLE STATEMENT | |
| Title | الموسوعة الجغرافية و الفلكية للناشئة / |
| 264 1# - PRODUCTION, PUBLICATION, DISTRIBUTION, MANUFACTURE, AND COPYRIGHT NOTICE | |
| Place of production, publication, distribution, manufacture | بيروت : |
| Name of producer, publisher, distributor, manufacturer | دار الشرق العربي، |
| 650 17 - SUBJECT ADDED ENTRY--TOPICAL TERM | |
| Topical term or geographic name as entry element | الموسوعات |
| 650 17 - SUBJECT ADDED ENTRY--TOPICAL TERM | |
| Topical term or geographic name as entry element | الكواكب |
| 650 17 - SUBJECT ADDED ENTRY--TOPICAL TERM | |
| Topical term or geographic name as entry element | الجغرافيا الطبيعية |
| 650 17 - SUBJECT ADDED ENTRY--TOPICAL TERM | |
| Topical term or geographic name as entry element | الفضاء |
| 650 17 - SUBJECT ADDED ENTRY--TOPICAL TERM | |
| Topical term or geographic name as entry element | المحيطات |
| 650 17 - SUBJECT ADDED ENTRY--TOPICAL TERM | |
| Topical term or geographic name as entry element | المد و الجزر |
| 653 ## - INDEX TERM--UNCONTROLLED | |
| Uncontrolled term | (سنة 14-10) ناشئون صغار |
| 700 1# - ADDED ENTRY--PERSONAL NAME | |
| Personal name | سلق، هيثم |
| Relator term | Cart. |
| 942 ## - ADDED ENTRY ELEMENTS (KOHA) | |
| Source of classification or shelving scheme | Dewey Decimal Classification |
| Koha item type | كتب |
| حالة السحب | حالة الفقدان | مصدر التصنيف | حالة التلف | غير قابل للإعارة | المكتبة الرئيسية | المكتبة الحالية | موقع الرف | تاريخ التزويد | الرقم المتسلسل | Total Checkouts | رقم الإستدعاء | الباركود | تاريخ آخر ظهور | تاريخ الفاتورة | نوع المادة (كوها) |
|---|---|---|---|---|---|---|---|---|---|---|---|---|---|---|---|
| Dewey Decimal Classification | مكتبة أم المؤمنين للأطفال | مكتبة أم المؤمنين للأطفال | الأطفال | 28/07/2025 | 431506 | م/ط/503 | 431506 | 28/07/2025 | 28/07/2025 | كتب |